000 00740nas a2200241 4500
001 BR2012002628
003 BR-BrBNA
005 20231205120431.0
007 ta
008 230509b bl.|||p| |||| 00| 00por d
040 _aBR-BrBNA
_bpor
_cBiblioteca Nacional de Agricultura
041 _a(Pt)
072 _aF03; F62
100 1 _aDantas, M.R. da S.
100 1 _aTorres, S.B.
245 1 _aVigor de sementes de rúcula e desempenho das plantas em campo
650 _aRÚCULA
650 _aPRODUÇÃO DE SEMENTES
650 _aTESTE DE VIGOR
773 0 _tRevista Brasileira de Sementes (Brazil)
_xISSN 0101-3122
_g(Dec 2010), v. 32(4) p. 49-57
_wBR2012002628
909 _a202311
_bLúcia
_c55
_dLúcia Elande
942 _2AGRIS
_n0
_cANA
999 _c218476
_d218476